00913nam a2200277 a 450000100060000000300080000600500170001400800410003102000150007203500190008704000260010604100080013208200290014010000230016924501040019226000400029630000340033649000650037050000190043565000170045465000260047165000270049770000230052470000230054785600650057058187BD-RjUL20211209080608.0161217s1979 nyua|||| |||| 001 0 eng d a0125157509 a(BD-RjUL)58311 aBD-RjULbengcBD-RjUL aeng 223a330.015195bNEA 1979 a Nerlove, Marc aAnalysis of economic time series :ba synthesis /cMarc Nerlove; David M Grether; José L Carvalho aNew York :bAcademic Press,cc1979. axvi, 468 p. :bill. ;c23 cm. a Economic theory, econometrics, and mathematical economics. aIncludes index aEconometrics aTime-series analysis. aSérie chronologique. a Grether, David M. aCarvalho, José L 3 Economic theory, econometrics, and mathematical economics.